| 000 | 00489nam a2200169Ia 4500 | ||
|---|---|---|---|
| 008 | 160114s9999 xx 000 0 und d | ||
| 020 | _a0-43115807x | ||
| 050 | _a917 | ||
| 050 | _b.F791c | ||
| 100 | _aFox, Mary Virginia. | ||
| 245 |
_aNorth America / _cMary Virginia Fox. |
||
| 260 |
_aSouth China : _bModern Age Repro House Ltd _c2006 |
||
| 300 |
_a32 pages; _bcol. Illustrations, col. Maps ; |
||
| 440 | _a First Library: Continents | ||
| 650 | _aNorth America-- | ||
| 650 | _xmaps. | ||
| 999 |
_c290277 _d290277 |
||